Normal view
MARC view
- JAYASREE S
Entry Personal Name
001 - CONTROL NUMBER
- control field: 2979
003 - CONTROL NUMBER IDENTIFIER
- control field: OSt
005 - DATE AND TIME OF LATEST TRANSACTION
- control field: 20180303115519.0
008 - FIXED-LENGTH DATA ELEMENTS
- fixed length control field: 180303|| aca||aabn | a|a d
040 ## - CATALOGING SOURCE
- Original cataloging agency: OSt
- Transcribing agency: OSt
100 ## - HEADING--PERSONAL NAME
- Personal name: JAYASREE S
670 ## - SOURCE DATA FOUND
- Source citation: Work cat.: (OSt): JAYASREE S, Quantitative analysis of runoff parameters in selected river basins of Kerala, 1990
